Mangas et anime - Quiz par lettre - U - Statistiques

Statistiques générales
  • Ce quiz a été pris 246 fois
  • Le résultat moyen est 6 sur 20
Statistiques - réponses
Indice Réponse % Correct
Nom de famille de Naruto Uzumaki
97%
Nom du clan de Sasuke et Itachi dans Naruto Uchiwa
90%
Dans One Piece, il est "God" ou "Sogeking" Usopp
77%
Le lycée d'Izuku dans My Hero Academia U.A.
62%
Dans One Piece, supernova capitaine des Moines Dépravés Urouge
54%
Dans Bleach, il est l'Espada n°4 Ulquiorra
42%
C'est ce qu'est To-Oh, lieu de rencontre de L et Light dans Death Note Université
37%
Dans Fairy Tail, mage du temps de la guilde Grimoire Heart Ultia
32%
Prénom de l'héroïne de Sailor Moon Usagi
31%
Manga dans lequel un homme ne pouvant mourir cherche à le faire en profitant d'une fille suicidaire Undead Unluck
27%
Prénom d'Ishida, dans Bleach Uryu
26%
Ancien n°11 de la Brigade fantôme, dans Hunter x Hunter Uvôguine
17%
Manga connu sous le nom de Lamu dans sa version française Urusei Yatsura
15%
Anime de dark fantasy sur un semi-elfe désirant se venger de sept héros peu recommandables Übel Blatt
10%
Le protagoniste de Yu Yu Hakusho est Yusuke _________ Urameshi
10%
Dans les yaoi, il est le partenaire passif, par opposition au "seme" Uke
8%
Surnom japonais de Mammouth, dans City Hunter Umibozu
5%
Anime sur le prince Oscar cherchant une sorcière pour défaire une malédiction Unnamed Memory
3%
"L'usurier de l'ombre", selon le sous-titre du manga qui porte don nom Ushijima
3%
Dans Clannad After Story, fille de Tomoya et Nagisa Ushio
1%
Aucun quiz correspondant
Distribution des résultats
% des personnes avec chaque résultat
Percentile par nombre de réponses
Votre historique - résultats
Vous n’avez pas pris ce quiz